ՀՀ Գիտությունների ազգային ակադեմիայի հիմնարար գիտական գրադարան  =   Fundamental Scientific Library of NAS RA

Результаты научных исследований, обеспечивающие технический прогресс в угольной промышленности в текущем семилетии : (Record no. 520273)

MARC details
000 -LEADER
fixed length control field 00912nam a22002057a 4500
003 - CONTROL NUMBER IDENTIFIER
control field AM-YEHGA
005 - DATE AND TIME OF LATEST TRANSACTION
control field 20250617164237.0
008 - FIXED-LENGTH DATA ELEMENTS--GENERAL INFORMATION
fixed length control field 211104s ||||| |||| 00| 0 rus d
040 ## - CATALOGING SOURCE
Original cataloging agency AM-YeHGA
041 0# - LANGUAGE CODE
Language code of text/sound track or separate title rus
001 - CONTROL NUMBER
control field 1800962
090 ## - LOCALLY ASSIGNED LC-TYPE CALL NUMBER (OCLC); LOCAL CALL NUMBER (RLIN)
-- 523844
100 1# - MAIN ENTRY--PERSONAL NAME
Personal name Докукин, Александр Викторович.
245 10 - TITLE STATEMENT
Title Результаты научных исследований, обеспечивающие технический прогресс в угольной промышленности в текущем семилетии :
Remainder of title Доклад на заседании Техн.-экон. совета Луган. совнархоза /
Statement of responsibility, etc. А. В. Докукин, А. Д. Игнатьев
260 ## - PUBLICATION, DISTRIBUTION, ETC.
Place of publication, distribution, etc. Москва :
Name of publisher, distributor, etc. [б. и.],
Date of publication, distribution, etc. 1962.
300 ## - PHYSICAL DESCRIPTION
Extent 42 с.
653 0# - INDEX TERM--UNCONTROLLED
Uncontrolled term Угледобыча - Механизация
700 ## - ADDED ENTRY--PERSONAL NAME
Personal name Игнатьев, И.
942 ## - ADDED ENTRY ELEMENTS (KOHA)
Source of classification or shelving scheme Universal Decimal Classification
Koha item type Գրքեր / Books
Holdings
Withdrawn status Lost status Source of classification or shelving scheme Damaged status Not for loan Collection Home library Current library Date acquired Total checkouts Full call number Barcode Date last seen Price effective from Koha item type Public note
    Universal Decimal Classification     General Fundamental Scientific Library Fundamental Scientific Library 04/11/2021   PII/65685 FL0654819 04/11/2021 04/11/2021 Գրքեր / Books 30 Days Loan


ՀՀ ԳԱԱ հիմնարար գիտական գրադարան
ՀՀ,Երևան 0019
Մարշալ Բաղրամյան 24/6
հեռախոս:(374-10) 52-47-50
Հետադարձ կապ

All site content, except where otherwise noted, is licensed under a
Creative Commons License